LEADER 02213oam 2200385 450 001 9910678585403321 005 20231122211700.0 010 $a1-80356-906-9 035 $a(CKB)5840000000237873 035 $a(NjHacI)995840000000237873 035 $a(EXLCZ)995840000000237873 100 $a20230429d2023 uy 0 101 0 $aeng 135 $aur||||||||||| 181 $ctxt$2rdacontent 182 $cc$2rdamedia 183 $acr$2rdacarrier 200 00$aLeukemia $efrom biology to clinic /$fedited by Margarita Guenova, Gueorgui Balatzenko 210 1$aLondon :$cIntechOpen,$d2023. 215 $a1 online resource (152 pages) 311 0 $a1-80356-905-0 330 $aMedical professionals and researchers in the field of leukemias are faced with the need to continuously update their knowledge in a wide range of areas, ranging from fundamental molecular processes and mechanisms to a thorough understanding of clinical features and modern approaches to achieve maximum therapeutic results. This book does not have the ambition to present comprehensively the problems of leukemias, but it is an attempt to acquaint the audience of specialists involved in clinical management and experimental research with some modern advances and concepts in the three main directions: biology, clinical presentation and treatment. The biological aspects of the origin, development and therapy resistance of leukemias are within the scope of the first section. Comprehensive and concise information on the clinical assessment and treatment of leukemia patients is provided, as well as on some specific interdisciplinary clinical scenarios such as leukemic retinopathy, in the second section. Finally, challenges, current standards and recent advances in the therapy of acute leukemias comprise the third section of the book. 606 $aLeukemia$xTreatment 606 $aLeukemia$xDiagnosis 615 0$aLeukemia$xTreatment. 615 0$aLeukemia$xDiagnosis. 676 $a616.99419 702 $aGuenova$b Margarita 702 $aBalatzenko$b Gueorgui 801 0$bNjHacI 801 1$bNjHacl 906 $aBOOK 912 $a9910678585403321 996 $aLeukemia$9791142 997 $aUNINA